Tourism Development Prospects in Evrytania, based on the perceptions of Foreign Rural and Adventure Travelers/ATH - Independent Study (Record no. 8556)
[ view plain ]
| 000 -LEADER | |
|---|---|
| fixed length control field | 01096cam a22001934a 4500 |
| 005 - ΗΜΕΡΟΜΗΝΙΑ ΚΑΙ ΩΡΑ ΤΕΛΕΥΤΑΙΑΣ ΕΝΗΜΕΡΩΣΗΣ | |
| Πεδίο ελέγχου | 20250605164339.0 |
| 008 - FIXED-LENGTH DATA ELEMENTS--GENERAL INFORMATION | |
| Πεδίο ελέγχου σταθερού μήκους | 250528s ||||||||||||||||||||||||d |
| 035 ## - SYSTEM CONTROL NUMBER | |
| System control number | 23555 |
| 040 ## - ΠΗΓΗ ΚΑΤΑΛΟΓΟΓΡΑΦΗΣΗΣ | |
| Φορέας πρωτότυπης καταλογογράφησης | MC Athens Campus Library |
| Γλώσσα καταλογογράφησης | Ελληνικά, Μοντέρνα (1453-) |
| Modifying agency | MC Athens Campus Library |
| Κανόνες περιγραφικής καταλογογράφησης | AACR2 |
| 245 1# - ΤΙΤΛΟΣ ΚΑΙ ΔΗΛΩΣΗ ΥΠΕΥΘΥΝΟΤΗΤΑΣ | |
| Τίτλος | Tourism Development Prospects in Evrytania, based on the perceptions of Foreign Rural and Adventure Travelers/ATH - Independent Study |
| 260 ## - PUBLICATION, DISTRIBUTION, ETC. | |
| Date of publication, distribution, etc. | 2019 |
| 300 ## - PHYSICAL DESCRIPTION | |
| Extent | 48 |
| 520 ## - SUMMARY, ETC. | |
| Summary, etc. | Abstract, Introduction, Where the Problem Derives From, Social Side Effects Due to Global Phenomena, Population Problems in Greece: The Case of Evrytania, The Only Surviving Industry: Tourism, Tourism, Alternative Tourism, Optimal Requirements According to Eurogites, Research Statement and Scope, Methodology, Research Ethics, Research Findings and Analysis, Demographics, Profile Building Questions, Perceptions About the Region, Future Developments and Improvements, Research Findings' Conclusions, Conclusion, References, Figures, Tables. |
| 700 1# - ΠΡΟΣΘΕΤΗ ΑΝΑΓΡΑΦΗ--ΦΥΣΙΚΟ ΠΡΟΣΩΠΟ | |
| Personal name | Gryparis Marios |
| 9 (RLIN) | 9133 |
| 700 1# - ΠΡΟΣΘΕΤΗ ΑΝΑΓΡΑΦΗ--ΦΥΣΙΚΟ ΠΡΟΣΩΠΟ | |
| Personal name | Vrasida Maria |
| 9 (RLIN) | 9131 |
| 942 ## - ADDED ENTRY ELEMENTS (KOHA) | |
| Koha item type | Διπλωματική εργασία |
| Τύπος τεκμηρίου | Βιβλιοθήκη | Τρέχουσα τοποθεσία | Barcode | Ημερομηνία απόκτησης | Ταξιθετικό σύμβολο | Αριθμός αντιτύπου | Κατάσταση απόσυρσης | Κατάσταση χαμένου | Κατάσταση κατεστραμμένου | Μη δανεισμός | Σύνολο δανεισμών | Ημερομηνία τελευταίας εμφάνισης | Η τιμή ισχύει από |
|---|---|---|---|---|---|---|---|---|---|---|---|---|---|
| Διπλωματική εργασία | MC Athens Campus Library | MC Athens Campus Library | 9780000085559 | 05/06/2025 | TOUR 2019 (2) | 1 | 05/06/2025 | 05/06/2025 |